[Event "2BLO 2223 SK Passau - SC Bavaria Regens"]
[Site "?"]
[Date "2022.10.23"]
[Round "2.7"]
[White "Oberhofer, Cedric"]
[Black "Offinger, Robert"]
[Result "1-0"]
[WhiteElo "2266"]
[BlackElo "2189"]
[PlyCount "75"]
[EventDate "2022.??.??"]

1. c4 c6 2. g3 d5 3. Nf3 Nf6 4. Bg2 Bg4 5. Ne5 Bh5 6. cxd5 cxd5 7. Nc3 e6 8. Qa4+ Nfd7 9. g4 Bg6 10. h4 f6 11. Nxg6 hxg6 12. h5 gxh5 13. Qc2 Ne5 14. d4 Nf7 15. Qg6 Nc6 16. gxh5 Qd7 17. e4 dxe4 18. Bxe4 Ne7 19. Qg2 Nd6 20. Bc2 O-O-O 21. Ba4 Nc6 22. Bf4 Nf5 23. d5 exd5 24. O-O-O d4 25. Kb1 Bd6 26. Bxd6 Nxd6 27. Ne2 Qf5+ 28. Ka1 Qe4 29. f3 Qe3 30. Bxc6 bxc6 31. Nxd4 c5 32. Rhe1 Qg5 33. Qc2 Rd7 34. Ne6 Qf5 35. Qa4 Qxf3 36. Nxc5 Rc7 37. Qa6+ Nb7 38. Qe6+ 1-0

[Event "2BLO 2223 SK Passau - SC Bavaria Regens"]
[Site "?"]
[Date "2022.10.23"]
[Round "2.8"]
[White "Schmid, Franz"]
[Black "Kleibel, Uwe"]
[Result "0-1"]
[WhiteElo "2093"]
[BlackElo "2227"]
[PlyCount "192"]
[EventDate "2022.??.??"]

1. e4 c6 2. d4 d5 3. Nc3 dxe4 4. Nxe4 Nf6 5. Ng3 h5 6. h4 c5 7. Bb5+ Nc6 8. N1e2 Qa5+ 9. Nc3 cxd4 10. Qxd4 Bd7 11. Qa4 Qxa4 12. Bxa4 e6 13. Bd2 a6 14. Nce2 Rc8 15. a3 Be7 16. Rd1 b5 17. Bb3 Ne5 18. Nd4 Nc4 19. Bc1 O-O 20. c3 Rfd8 21. Bc2 g6 22. Ne4 e5 23. Ne2 Bc6 24. Rxd8+ Rxd8 25. Nxf6+ Bxf6 26. f3 Be7 27. Ng3 f5 28. Ke2 Kf7 29. Nf1 Bd5 30. g3 Bc5 31. Nh2 Bc6 32. Rd1 Rxd1 33. Bxd1 a5 34. Nf1 a4 35. Bc2 Bd5 36. Bb1 Ke6 37. Bc2 e4 38. f4 Kd6 39. Bb1 Na5 40. Ne3 Bxe3 41. Bxe3 Bb3 42. Ke1 Kd5 43. Ke2 Bc4+ 44. Ke1 Bd3 45. Ba2+ Bc4 46. Bb1 Bb3 47. Ke2 Nc4 48. Bc1 Nd6 49. Be3 Kc4 50. Kd2 Ne8 51. Bd4 Nc7 52. Be3 Nd5 53. Bd4 Ne7 54. Be3 Nc6 55. Ke2 Kd5 56. Ke1 Bc4 57. Kd1 Na5 58. Ke1 Nb7 59. Kd1 Nd6 60. Ke1 Nf7 61. Kd1 Nh6 62. Kd2 Ng4 63. Bg1 Kc6 64. Bc2 Ba2 65. Ke2 Kd5 66. Kd2 Nf6 67. Bd4 Nd7 68. Ke2 Nb8 69. Be3 Nc6 70. Ke1 Na5 71. Ke2 Bc4+ 72. Ke1 Bd3 73. Bd1 Kc4 74. Bb6 Nc6 75. Kd2 Ne7 76. Ba7 Nc8 77. Be3 Nd6 78. Ke1 Kd5 79. Bc1 Nc4 80. Kf2 Kd6 81. Kg2 Kc6 82. Kf2 Kd5 83. Kg2 e3 84. Kf3 e2 85. Bxe2 Bxe2+ 86. Kxe2 Ke4 87. Bd2 Nxb2 88. Be3 Kd5 89. Bc1 Nc4 90. Kd3 Kc5 91. Ke2 Kc6 92. Kf2 Kd5 93. Kf3 Nd6 94. Be3 Kc4 95. Bd4 Kd3 96. Bc5 Ne4 0-1

[Event "2BLO 2223 SG Leipzig  - SC Garching"]
[Site "Augsburg"]
[Date "2022.10.23"]
[Round "2.1"]
[White "Krivoborodov, Egor"]
[Black "Richter, Leonard"]
[Result "1-0"]
[WhiteElo "2523"]
[BlackElo "2261"]
[PlyCount "57"]
[EventDate "2022.??.??"]

1. d4 Nf6 2. Bf4 g6 3. Nc3 d5 4. Qd2 h6 5. O-O-O c6 6. f3 b5 7. e4 b4 8. Na4 Qa5 9. Nc5 Qxa2 10. Qxb4 Nbd7 11. Nxd7 Nxd7 12. Qc3 e5 13. dxe5 Rb8 14. e6 Rxb2 15. exd7+ Bxd7 16. Qe5+ Be6 17. Bd3 d4 18. Qxh8 Qa5 19. Bd6 Rxc2+ 20. Bxc2 Qa1+ 21. Kd2 Qc3+ 22. Kc1 Qa1+ 23. Kd2 Qc3+ 24. Ke2 Qxc2+ 25. Ke1 Qc3+ 26. Rd2 Qc1+ 27. Kf2 Qxd2+ 28. Ne2 Qe3+ 29. Kf1 1-0

[Event "2BLO 2223 SG Leipzig  - SC Garching"]
[Site "Augsburg"]
[Date "2022.10.23"]
[Round "2.2"]
[White "Nguyen, Alex Dac-Vuong"]
[Black "Vykouk, Jan"]
[Result "0-1"]
[WhiteElo "2311"]
[BlackElo "2475"]
[PlyCount "70"]
[EventDate "2022.??.??"]

1. d4 Nf6 2. c4 e6 3. Nf3 c5 4. e3 cxd4 5. exd4 Bb4+ 6. Nc3 Ne4 7. Qc2 Qa5 8. Qxe4 Bxc3+ 9. Kd1 Bb4 10. Qg4 Bf8 11. Bd2 Qa4+ 12. b3 Qa3 13. Bc3 Nc6 14. c5 e5 15. Qe4 d5 16. cxd6 Bxd6 17. Nxe5 Bxe5 18. dxe5 Be6 19. Bd3 Qc5 20. Kc2 Qxf2+ 21. Qe2 Qb6 22. Kb2 a5 23. Rhf1 a4 24. Bc4 O-O 25. Bxe6 fxe6 26. Rxf8+ Rxf8 27. Rf1 Rxf1 28. Qxf1 axb3 29. axb3 Ne7 30. Qc4 h6 31. h4 Qf2+ 32. Ka3 Nd5 33. h5 b5 34. Qc6 b4+ 35. Bxb4 Qa2+ 0-1

[Event "2BLO 2223 SG Leipzig  - SC Garching"]
[Site "Augsburg"]
[Date "2022.10.23"]
[Round "2.3"]
[White "Koepke, Christian"]
[Black "Natsidis, Christoph"]
[Result "1/2-1/2"]
[WhiteElo "2304"]
[BlackElo "2308"]
[PlyCount "24"]
[EventDate "2022.??.??"]

1. e4 c5 2. Nf3 e6 3. c3 d5 4. exd5 Qxd5 5. d4 Nf6 6. Na3 cxd4 7. Nb5 Qd8 8. Nbxd4 Be7 9. Bd3 O-O 10. O-O b6 11. Re1 Bb7 12. Bf4 Nc6 1/2-1/2

[Event "2BLO 2223 SG Leipzig  - SC Garching"]
[Site "Augsburg"]
[Date "2022.10.23"]
[Round "2.4"]
[White "Heistermann, Till"]
[Black "Rusche, Johannes"]
[Result "1/2-1/2"]
[WhiteElo "2194"]
[BlackElo "2307"]
[PlyCount "27"]
[EventDate "2022.??.??"]

1. c4 Nf6 2. g3 e6 3. Bg2 d5 4. Nf3 Be7 5. O-O O-O 6. b3 d4 7. Bb2 c5 8. e3 Nc6 9. exd4 cxd4 10. Re1 Re8 11. d3 Bc5 12. Ba3 Bxa3 13. Nxa3 e5 14. Nc2 1/2-1/2

[Event "2BLO 2223 SG Leipzig  - SC Garching"]
[Site "Augsburg"]
[Date "2022.10.23"]
[Round "2.5"]
[White "Bredl, Harald"]
[Black "Roesemann, Rainer"]
[Result "0-1"]
[WhiteElo "2306"]
[BlackElo "2279"]
[PlyCount "38"]
[EventDate "2022.??.??"]

1. d4 Nf6 2. c4 e6 3. Nc3 Bb4 4. Qc2 c5 5. dxc5 Na6 6. a3 Bxc3+ 7. Qxc3 Nxc5 8. b4 Nce4 9. Qc2 d5 10. Bb2 dxc4 11. Rd1 Bd7 12. Qxc4 Rc8 13. Qd4 Rc6 14. Qxa7 O-O 15. Nf3 Rc2 16. Qd4 Qc7 17. g4 Ba4 18. Qe5 Qc4 19. Qd4 Qb3 0-1

[Event "2BLO 2223 SG Leipzig  - SC Garching"]
[Site "Augsburg"]
[Date "2022.10.23"]
[Round "2.6"]
[White "Kalkhof, Stefan"]
[Black "Koepke, Elena"]
[Result "0-1"]
[WhiteElo "2222"]
[BlackElo "2249"]
[PlyCount "110"]
[EventDate "2022.??.??"]

1. Nf3 Nf6 2. d4 e6 3. c3 b6 4. g3 Bb7 5. Bg2 Be7 6. O-O O-O 7. Nbd2 c5 8. a4 Qc7 9. Re1 d5 10. Ne5 Rd8 11. h4 Na6 12. Ndf3 Ne4 13. Bf4 Bd6 14. Rc1 Rac8 15. Ng5 Nxg5 16. hxg5 Qe7 17. Nd3 Bxf4 18. gxf4 f6 19. Qd2 Rf8 20. e4 c4 21. Nb4 Nxb4 22. cxb4 dxe4 23. Bxe4 Bxe4 24. Rxe4 Qd7 25. Rce1 Rce8 26. d5 fxg5 27. fxg5 Rd8 28. Rxe6 Qxd5 29. Qe3 Qf5 30. Re7 Rd5 31. Qe6+ Qxe6 32. R1xe6 Rxg5+ 33. Kf1 h5 34. Rxa7 h4 35. Re4 h3 36. Rh4 Rg2 37. Rxh3 Rfxf2+ 38. Ke1 Rxb2 39. Kf1 Rgf2+ 40. Ke1 Rg2 41. Kf1 Rgc2 42. Re3 Rb1+ 43. Re1 Rxb4 44. a5 b5 45. a6 Ra4 46. Rb7 Rxa6 47. Rxb5 Kh7 48. Rc5 Kh6 49. Re2 Rf6+ 50. Ke1 Rxe2+ 51. Kxe2 Rf4 52. Ke3 g5 53. Rc8 Kh5 54. Rh8+ Kg4 55. Rg8 c3 0-1

[Event "2BLO 2223 SG Leipzig  - SC Garching"]
[Site "Augsburg"]
[Date "2022.10.23"]
[Round "2.8"]
[White "Rausch, Stephan"]
[Black "Schimpf, Markus"]
[Result "1/2-1/2"]
[WhiteElo "2259"]
[BlackElo "2257"]
[PlyCount "240"]
[EventDate "2022.??.??"]

1. d4 d5 2. Nf3 c5 3. c3 cxd4 4. cxd4 Nc6 5. Nc3 Nf6 6. Bf4 Bf5 7. e3 e6 8. Bd3 Bxd3 9. Qxd3 Be7 10. O-O O-O 11. Rfc1 Rc8 12. Ne5 Nh5 13. Nxc6 Rxc6 14. Be5 f6 15. Bg3 Nxg3 16. hxg3 Qb6 17. Na4 Qc7 18. Rxc6 Qxc6 19. Qb3 Rc8 20. Nc3 f5 21. Ne2 Qa6 22. Nf4 Rc4 23. Nd3 Bd6 24. Qd1 Rc7 25. g4 fxg4 26. Qxg4 Rf7 27. Qd1 Rc7 28. g3 Kh8 29. Kg2 g6 30. a3 Qb5 31. b4 Rc3 32. Qf3 Kg7 33. Nf4 Qd7 34. Nh3 h6 35. Nf4 Qf7 36. Ne2 Qxf3+ 37. Kxf3 Rb3 38. Nc1 Rc3 39. Ne2 Rd3 40. Nc1 Rc3 41. Ne2 Rc4 42. e4 Rc2 43. exd5 exd5 44. Rb1 Kf6 45. Rb3 Rc4 46. Ke3 h5 47. Nc3 Ke6 48. Kd3 Be7 49. Rb1 Bf6 50. Ne2 Kf5 51. Rh1 a5 52. bxa5 Ra4 53. Rb1 Rxa3+ 54. Nc3 Bd8 55. Kc2 Bxa5 56. Nxd5 Ra2+ 57. Kd3 Rxf2 58. Rb5 Be1 59. Ne3+ Kf6 60. Rxb7 Rd2+ 61. Ke4 Bxg3 62. d5 h4 63. Rh7 g5 64. Rh6+ Kf7 65. Nc4 Rf2 66. d6 Kg7 67. Rh5 Kg6 68. Rh8 Rf4+ 69. Kd3 Rf7 70. Ke4 Kg7 71. Rh5 Bf4 72. Ne5 Rf8 73. d7 Rd8 74. Kf5 Bxe5 75. Rxg5+ Kh6 76. Rg6+ Kh7 77. Rg4 Bg3 78. Ke6 Kh6 79. Ke7 Bc7 80. Rxh4+ Kg5 81. Rc4 Rxd7+ 82. Kxd7 Bf4 83. Ke6 Bg3 84. Rc3 Bf4 85. Kd5 Kf5 86. Rf3 Kg4 87. Ke4 Bd2 88. Rb3 Bf4 89. Ra3 Kg5 90. Ra6 Bg3 91. Ra8 Kf6 92. Rg8 Bd6 93. Rg2 Bc7 94. Rc2 Bg3 95. Rc6+ Kg5 96. Ra6 Bh2 97. Ra2 Bc7 98. Rc2 Bb8 99. Rc8 Bh2 100. Rf8 Bc7 101. Rf5+ Kg6 102. Rc5 Bh2 103. Rc2 Bb8 104. Rc6+ Kg5 105. Rc8 Bh2 106. Rg8+ Kf6 107. Rf8+ Kg5 108. Rf5+ Kg6 109. Rf3 Kg5 110. Rf8 Bc7 111. Rh8 Bd6 112. Rg8+ Kf6 113. Kd5 Bh2 114. Rf8+ Kg5 115. Ke4 Bc7 116. Rf5+ Kg6 117. Rc5 Bb8 118. Rb5 Bh2 119. Rc5 Bb8 120. Rc2 Kg5 1/2-1/2

[Event "2BLO 2223 Nickelhuette Aue - SK Goeggin"]
[Site "Augsburg"]
[Date "2022.10.23"]
[Round "2.1"]
[White "Postny, Evgeny"]
[Black "Antal, Gergely"]
[Result "1/2-1/2"]
[WhiteElo "2573"]
[BlackElo "2571"]
[PlyCount "46"]
[EventDate "2022.??.??"]

1. d4 d5 2. c4 dxc4 3. Nf3 Nf6 4. e3 e6 5. Bxc4 c5 6. O-O a6 7. b3 cxd4 8. Nxd4 Be7 9. Bb2 O-O 10. Be2 b5 11. Nd2 Bb7 12. Bf3 Nd5 13. a4 Nc6 14. Qe2 Nxd4 15. Bxd4 bxa4 16. Rxa4 Qb8 17. Be4 f5 18. Bd3 Bf6 19. Rc1 Rc8 20. Qe1 Rxc1 21. Qxc1 Qd8 22. Nf3 Nb6 23. Rb4 Rc8 1/2-1/2

[Event "2BLO 2223 Nickelhuette Aue - SK Goeggin"]
[Site "Augsburg"]
[Date "2022.10.23"]
[Round "2.2"]
[White "Gonda, Laszlo"]
[Black "Braeuer, Franz"]
[Result "1/2-1/2"]
[WhiteElo "2511"]
[BlackElo "2443"]
[PlyCount "39"]
[EventDate "2022.??.??"]

1. Nf3 d5 2. g3 b6 3. c4 dxc4 4. Bg2 Bb7 5. Na3 e6 6. Nxc4 Nf6 7. O-O Be7 8. Qa4+ Qd7 9. Qxd7+ Nbxd7 10. d4 Bd5 11. Nfe5 Nxe5 12. Nxe5 Bd6 13. Nd3 O-O-O 14. Bg5 Bxg2 15. Kxg2 h6 16. Bxf6 gxf6 17. Rfd1 Be7 18. e3 Rd5 19. Nf4 Rb5 20. Rd2 1/2-1/2

[Event "2BLO 2223 Nickelhuette Aue - SK Goeggin"]
[Site "Augsburg"]
[Date "2022.10.23"]
[Round "2.3"]
[White "Nestorovic, Nikola"]
[Black "Slobodjan, Roman"]
[Result "1/2-1/2"]
[WhiteElo "2465"]
[BlackElo "2442"]
[PlyCount "64"]
[EventDate "2022.??.??"]

1. e4 e5 2. Nf3 Nc6 3. Bc4 Nf6 4. d3 Bc5 5. O-O d6 6. c3 a6 7. Bb3 Ba7 8. Nbd2 h6 9. Re1 g5 10. Nc4 g4 11. Nfd2 h5 12. Nf1 g3 13. Nxg3 Bg4 14. Qd2 h4 15. Nf5 Bxf5 16. exf5 Qd7 17. Qg5 Ke7 18. d4 Rh5 19. Qf4 Rxf5 20. Qxh4 Rh5 21. Qf4 Rf5 22. Qg3 Rg8 23. Qh3 Ng4 24. Re2 Bxd4 25. cxd4 Nxd4 26. Re4 Nxf2 27. Qh4+ Ke8 28. Rxd4 exd4 29. Bf4 Rxf4 30. Re1+ Kf8 31. Qh6+ Rg7 32. Qh8+ Rg8 1/2-1/2

[Event "2BLO 2223 Nickelhuette Aue - SK Goeggin"]
[Site "Augsburg"]
[Date "2022.10.23"]
[Round "2.4"]
[White "Langrock, Hannes"]
[Black "Rupprecht, Andreas"]
[Result "1/2-1/2"]
[WhiteElo "2358"]
[BlackElo "2380"]
[PlyCount "81"]
[EventDate "2022.??.??"]

1. d4 Nf6 2. Nf3 g6 3. g3 Bg7 4. Bg2 c5 5. dxc5 Qa5+ 6. Nfd2 Qxc5 7. Nc3 d6 8. Nb3 Qc7 9. Bg5 Nbd7 10. Qd2 h6 11. Be3 a6 12. O-O-O Ne5 13. Nd5 Nxd5 14. Qxd5 O-O 15. Qa5 Qb8 16. Bd4 Nc6 17. Bxc6 bxc6 18. Bxg7 Kxg7 19. e4 f6 20. f4 Rf7 21. Rhe1 Be6 22. e5 fxe5 23. fxe5 Bxb3 24. axb3 d5 25. Rd4 Qb5 26. Qc3 Raf8 27. e6 Rf6 28. Rf4 c5 29. Qe5 Qc6 30. h4 h5 31. g4 Qxe6 32. Rxf6 Qxe5 33. Rxg6+ Kxg6 34. Rxe5 hxg4 35. Rg5+ Kf6 36. Rxg4 Kf5 37. Ra4 Ke5 38. Rxa6 Rf1+ 39. Kd2 Rh1 40. Rh6 Rh2+ 41. Kd3 1/2-1/2

[Event "2BLO 2223 Nickelhuette Aue - SK Goeggin"]
[Site "Augsburg"]
[Date "2022.10.23"]
[Round "2.5"]
[White "Rozentalis, Eduardas"]
[Black "Spiess, Gunter"]
[Result "1-0"]
[WhiteElo "2500"]
[BlackElo "2386"]
[PlyCount "47"]
[EventDate "2022.??.??"]

1. e4 e6 2. d4 d5 3. Nd2 c5 4. Ngf3 cxd4 5. exd5 Qxd5 6. Bc4 Qd7 7. Nb3 Nc6 8. O-O a6 9. Qe2 Nf6 10. Rd1 Bd6 11. Nbxd4 O-O 12. Bg5 e5 13. Nxc6 Qxc6 14. Bxf6 gxf6 15. Bd5 Qc7 16. Nh4 Kh8 17. Be4 Rg8 18. Qh5 Rg7 19. Nf5 Rg5 20. Qh6 Rg6 21. Qh4 Bf8 22. Rd3 Bxf5 23. Bxf5 Rh6 24. Qg4 1-0

[Event "2BLO 2223 Nickelhuette Aue - SK Goeggin"]
[Site "Augsburg"]
[Date "2022.10.23"]
[Round "2.6"]
[White "Wichmann, Cliff"]
[Black "Stankovic, Milos"]
[Result "0-1"]
[WhiteElo "2310"]
[BlackElo "2423"]
[PlyCount "71"]
[EventDate "2022.??.??"]

1. d4 Nf6 2. c4 e6 3. Nf3 c5 4. d5 d6 5. Nc3 exd5 6. cxd5 g6 7. h3 Bg7 8. e4 O-O 9. Bd3 Nbd7 10. O-O Re8 11. Bf4 c4 12. Bc2 Nc5 13. Re1 b5 14. e5 dxe5 15. Nxe5 Bb7 16. Nc6 Qb6 17. Ne7+ Rxe7 18. Rxe7 b4 19. Bc7 Qa6 20. Na4 Nxa4 21. Bxa4 Nxd5 22. Rd7 Nxc7 23. Rxc7 Be5 24. Rd7 Bxb2 25. Rb1 Bc3 26. Qc2 Bc6 27. Bxc6 Qxc6 28. Rbd1 Qe6 29. R7d6 Qe5 30. Rc6 Qb5 31. Qe4 Qa4 32. Rd7 Qxa2 33. Rcc7 Qa1+ 34. Kh2 Rf8 35. f4 Qf1 36. Re7 0-1

[Event "2BLO 2223 Nickelhuette Aue - SK Goeggin"]
[Site "Augsburg"]
[Date "2022.10.23"]
[Round "2.7"]
[White "Schmittdiel, Eckhard"]
[Black "Cerveny, Martin"]
[Result "1-0"]
[WhiteElo "2395"]
[BlackElo "2404"]
[PlyCount "91"]
[EventDate "2022.??.??"]

1. e4 c5 2. c3 Nf6 3. e5 Nd5 4. d4 cxd4 5. Qxd4 e6 6. Nf3 Nc6 7. Qe4 d6 8. c4 Nde7 9. exd6 Ng6 10. c5 Qa5+ 11. b4 Qxb4+ 12. Qxb4 Nxb4 13. Na3 b6 14. Be3 bxc5 15. Bxc5 a5 16. Rb1 Bd7 17. Nb5 Na6 18. Bb6 f6 19. Bc4 Kf7 20. Nc7 Nxc7 21. Bxc7 Nf4 22. O-O g5 23. Nd4 Kg6 24. g3 e5 25. gxf4 exd4 26. Rfd1 gxf4 27. Rxd4 Bh6 28. Re1 f3 29. Re7 Rad8 30. Bf7+ Kf5 31. Bxd8 Rxd8 32. Bd5 Kg6 33. Bxf3 Bf8 34. Be2 f5 35. Bc4 h6 36. Re1 Kf6 37. f4 a4 38. Rb1 h5 39. Kf2 Bh6 40. Rb7 h4 41. Bb5 Be6 42. a3 Bf8 43. Rb6 Kf7 44. Bxa4 Bg7 45. Rd3 Bh6 46. Kf3 1-0

[Event "2BLO 2223 Nickelhuette Aue - SK Goeggin"]
[Site "Augsburg"]
[Date "2022.10.23"]
[Round "2.8"]
[White "Cerveny, Petr"]
[Black "Kukov, Velislav"]
[Result "1/2-1/2"]
[WhiteElo "2325"]
[BlackElo "2335"]
[PlyCount "68"]
[EventDate "2022.??.??"]

1. e4 d5 2. exd5 Qxd5 3. Nc3 Qd8 4. d4 Nf6 5. Nf3 Bg4 6. h3 Bxf3 7. Qxf3 c6 8. Qd3 e6 9. Bd2 Na6 10. a3 Nc7 11. g3 Ncd5 12. Bg2 Be7 13. O-O O-O 14. Rad1 Nxc3 15. Qxc3 Qb6 16. Bc1 Rfd8 17. b3 Rd7 18. Bb2 Rad8 19. Qf3 Ne8 20. b4 Bf6 21. c3 Nd6 22. h4 Qb5 23. Bc1 Qc4 24. Rd3 Nb5 25. a4 Nc7 26. Bg5 Bxg5 27. hxg5 a5 28. bxa5 Qxa4 29. Qh5 Qb5 30. Re3 Qxa5 31. Be4 g6 32. Qh6 Qa3 33. Kg2 Qf8 34. Qh4 Qg7 1/2-1/2

[Event "2BLO 2223 SC Garching - MSA Zugzwang"]
[Site "?"]
[Date "2022.11.26"]
[Round "3.1"]
[White "Bromberger, Stefan"]
[Black "Krivoborodov, Egor"]
[Result "0-1"]
[WhiteElo "2475"]
[BlackElo "2526"]
[PlyCount "78"]
[EventDate "2022.??.??"]

1. e4 c5 2. Nf3 g6 3. d4 cxd4 4. Nxd4 Bg7 5. Nc3 Nc6 6. Be3 Nf6 7. Bc4 O-O 8. Bb3 d6 9. f3 Bd7 10. Qd2 Nxd4 11. Bxd4 b5 12. h4 a5 13. a4 bxa4 14. Nxa4 h5 15. g4 e5 16. Bb6 Qb8 17. Be3 hxg4 18. h5 Nxh5 19. Nb6 Be6 20. Bxe6 fxe6 21. Nxa8 Qxa8 22. Qxd6 Rxf3 23. O-O-O Qxe4 24. Qxe6+ Kh7 25. Bd2 g3 26. Rde1 g2 27. Rhg1 Qa4 28. Kb1 Rf2 29. b3 Qb5 30. Be3 Rf1 31. Qc4 Rxe1+ 32. Rxe1 Qb7 33. Qg4 a4 34. Qxa4 Qf3 35. Qa7 e4 36. Bd2 Qf6 37. c3 Ng3 38. Qe3 Qf3 39. Qg5 Nf1 0-1

[Event "2BLO 2223 SC Garching - MSA Zugzwang"]
[Site "?"]
[Date "2022.11.26"]
[Round "3.2"]
[White "Vykouk, Jan"]
[Black "Shengelia, David"]
[Result "1-0"]
[WhiteElo "2480"]
[BlackElo "2466"]
[PlyCount "107"]
[EventDate "2022.??.??"]

1. e4 c6 2. d4 d5 3. f3 g6 4. Nc3 Bg7 5. Be3 dxe4 6. fxe4 Nf6 7. Nf3 Ng4 8. Bg1 e5 9. d5 O-O 10. h3 Nf6 11. Bc5 Re8 12. dxc6 Nxc6 13. Qxd8 Rxd8 14. Bc4 b6 15. Be3 Nb4 16. Rc1 Ba6 17. Bxa6 Nxa6 18. O-O Re8 19. Rfd1 Rac8 20. Nb5 Re7 21. Nd6 Rd8 22. Rd2 Bf8 23. Rcd1 Re6 24. Nc4 Rxd2 25. Rxd2 Nxe4 26. Rd8 Kg7 27. Ncxe5 Bc5 28. Bxc5 Nexc5 29. Ra8 Re7 30. Nc6 Rc7 31. Nfd4 Ne6 32. Nxe6+ fxe6 33. Rxa7 Rxa7 34. Nxa7 Kf6 35. Nc8 b5 36. Nd6 b4 37. Kf2 Ke5 38. Nc4+ Kd4 39. Nd2 h5 40. Nf3+ Ke4 41. Nh4 g5 42. Nf3 g4 43. Ng5+ Kf5 44. h4 Nc7 45. a4 bxa3 46. bxa3 Ke5 47. a4 Kd4 48. a5 e5 49. Nh7 g3+ 50. Kxg3 e4 51. Nf6 e3 52. Kf3 Na6 53. Nxh5 Nb4 54. c3+ 1-0

[Event "2BLO 2223 SC Garching - MSA Zugzwang"]
[Site "?"]
[Date "2022.11.26"]
[Round "3.3"]
[White "Baidetskyi, Valentin"]
[Black "Koepke, Christian"]
[Result "1/2-1/2"]
[WhiteElo "2452"]
[BlackElo "2301"]
[PlyCount "106"]
[EventDate "2022.??.??"]

1. e4 c6 2. d4 d5 3. exd5 cxd5 4. Bd3 Nc6 5. c3 Qc7 6. Ne2 Bg4 7. O-O Nf6 8. Qe1 Qc8 9. f4 Bf5 10. Bxf5 Qxf5 11. Ng3 Qd7 12. Nd2 h5 13. Nf3 h4 14. Nh1 h3 15. g3 Ne4 16. Nf2 Nxf2 17. Rxf2 f6 18. Be3 e6 19. Qf1 Bd6 20. Qd3 O-O-O 21. Re1 Kb8 22. Rfe2 Rde8 23. Kh1 Ne7 24. Bd2 Nc8 25. Nh4 Bc7 26. Ng6 Rhg8 27. g4 Qf7 28. f5 exf5 29. gxf5 Rxe2 30. Rxe2 Re8 31. Bf4 Re4 32. Rxe4 dxe4 33. Qg3 Nb6 34. Bxc7+ Qxc7 35. Qxh3 Qc4 36. b3 Qe2 37. Qg3+ Ka8 38. Kg1 Nd5 39. h4 Ne3 40. Kh1 Qf1+ 41. Kh2 Qe2+ 42. Kh3 Nf1 43. Qf4 Qd3+ 44. Kg2 Ne3+ 45. Kh3 Nxf5+ 46. Kh2 Ne3 47. h5 Qe2+ 48. Kg3 Qg2+ 49. Kh4 Qh1+ 50. Kg3 Qg1+ 51. Kh3 Qh1+ 52. Kg3 Qg1+ 53. Kh3 Qh1+ 1/2-1/2

[Event "2BLO 2223 SC Garching - MSA Zugzwang"]
[Site "?"]
[Date "2022.11.26"]
[Round "3.4"]
[White "Rusche, Johannes"]
[Black "Kindermann, Stefan"]
[Result "1/2-1/2"]
[WhiteElo "2305"]
[BlackElo "2459"]
[PlyCount "42"]
[EventDate "2022.??.??"]

1. e4 c6 2. d4 d5 3. e5 c5 4. Nf3 cxd4 5. Qxd4 Nc6 6. Qf4 e6 7. Bd3 Nb4 8. Nc3 Bd7 9. O-O Nxd3 10. cxd3 Ne7 11. Bd2 Ng6 12. Qg3 Be7 13. Rac1 O-O 14. Ne2 f6 15. Bc3 Rc8 16. Nf4 Nxf4 17. Qxf4 Qe8 18. exf6 gxf6 19. d4 Rc6 20. Rfe1 Bd6 21. Qd2 Qf7 1/2-1/2

[Event "2BLO 2223 SC Garching - MSA Zugzwang"]
[Site "?"]
[Date "2022.11.26"]
[Round "3.5"]
[White "Hertneck, Gerald"]
[Black "Renner, Christoph"]
[Result "1/2-1/2"]
[WhiteElo "2470"]
[BlackElo "2301"]
[PlyCount "71"]
[EventDate "2022.??.??"]

1. d4 f5 2. g3 Nf6 3. Bg2 g6 4. c3 Bg7 5. Qb3 Nc6 6. Nf3 a5 7. a4 e6 8. O-O O-O 9. Ne5 Nxe5 10. dxe5 Ne4 11. f3 Nc5 12. Qa3 b6 13. Be3 Bb7 14. b4 axb4 15. Qxb4 Ra5 16. Nd2 Na6 17. Qb2 Rxe5 18. Nc4 Rxe3 19. Nxe3 f4 20. gxf4 Qh4 21. Nd1 Rxf4 22. e3 Rxa4 23. Rxa4 Qxa4 24. f4 Bxg2 25. Qxg2 Nc5 26. Qg5 Qa8 27. c4 Ne4 28. Qg2 d5 29. cxd5 Qxd5 30. Nf2 Nc3 31. Qxd5 exd5 32. Kg2 b5 33. Ra1 Na4 34. Rb1 Nc3 35. Ra1 Na4 36. Rb1 1/2-1/2

[Event "2BLO 2223 SC Garching - MSA Zugzwang"]
[Site "?"]
[Date "2022.11.26"]
[Round "3.6"]
[White "Bredl, Harald"]
[Black "Zysk, Robert"]
[Result "1/2-1/2"]
[WhiteElo "2297"]
[BlackElo "2402"]
[PlyCount "43"]
[EventDate "2022.??.??"]

1. d4 Nf6 2. Nf3 b6 3. c4 Bb7 4. e3 e6 5. Bd3 d5 6. O-O Bd6 7. b3 O-O 8. Bb2 Nbd7 9. Ne5 c5 10. Nxd7 Nxd7 11. cxd5 cxd4 12. Bxd4 Qh4 13. g3 Qh3 14. Be4 Bxd5 15. Bxd5 exd5 16. Qf3 Be5 17. Nc3 Bxd4 18. exd4 Nf6 19. Nxd5 Nxd5 20. Qxd5 Rad8 21. Qe4 Rd6 22. f3 1/2-1/2

[Event "2BLO 2223 SC Garching - MSA Zugzwang"]
[Site "?"]
[Date "2022.11.26"]
[Round "3.7"]
[White "Hoffmeyer, Falk"]
[Black "Koepke, Elena"]
[Result "1-0"]
[WhiteElo "2320"]
[BlackElo "2260"]
[PlyCount "91"]
[EventDate "2022.??.??"]

1. d4 Nf6 2. Nc3 d5 3. Bf4 c6 4. e3 Bf5 5. f3 h6 6. g4 Bh7 7. Bd3 e6 8. Nge2 Be7 9. h4 Nfd7 10. Bg3 Bxd3 11. Qxd3 Na6 12. O-O-O Qa5 13. Kb1 b5 14. Nc1 Qb6 15. e4 Nf6 16. g5 Nh5 17. Be5 b4 18. N3e2 O-O-O 19. gxh6 Rxh6 20. Rdg1 g6 21. c4 bxc3 22. Qxc3 Rh7 23. Nb3 Bb4 24. Qc2 Kb7 25. Rc1 Rc8 26. exd5 exd5 27. a3 Be7 28. Nc3 Qd8 29. Na4 f6 30. Bh2 f5 31. Rhg1 Rg7 32. Be5 Rg8 33. Qd3 Nb8 34. Bxb8 Kxb8 35. Qa6 Qd7 36. Na5 c5 37. Nxc5 Bxc5 38. dxc5 Rc7 39. Rxg6 Rxg6 40. Qxg6 Nf4 41. Qa6 Ne6 42. c6 Qd8 43. Qb5+ Ka8 44. Qb7+ Rxb7 45. cxb7+ Kb8 46. Nc6+ 1-0

[Event "2BLO 2223 SC Garching - MSA Zugzwang"]
[Site "?"]
[Date "2022.11.26"]
[Round "3.8"]
[White "Seifert, Volker"]
[Black "Gerigk, Erasmus"]
[Result "0-1"]
[WhiteElo "2282"]
[BlackElo "2328"]
[PlyCount "56"]
[EventDate "2022.??.??"]

1. d4 Nf6 2. c4 e6 3. Nc3 Bb4 4. Qc2 O-O 5. a3 Bxc3+ 6. Qxc3 d5 7. Nf3 dxc4 8. Qxc4 b6 9. Bf4 Ba6 10. Qxc7 Qd5 11. Qd6 Qe4 12. Rc1 Nbd7 13. Nd2 Qg6 14. e4 Rac8 15. Rxc8 Rxc8 16. Bxa6 Rc1+ 17. Ke2 Rxh1 18. Bg3 Nf8 19. Qc6 h5 20. Qa8 h4 21. Bd6 N6d7 22. Nf3 Qxg2 23. Ke3 Rb1 24. Nxh4 Re1+ 25. Kd3 Qf1+ 26. Kd2 Qxf2+ 27. Kc3 Qe3+ 28. Kb4 Qxd4+ 0-1

[Event "2BLO 2223 SK Göggingen - FC Bayern Mü"]
[Site "?"]
[Date "2022.11.26"]
[Round "3.1"]
[White "Bezold, Michael"]
[Black "Postny, Evgeny"]
[Result "1/2-1/2"]
[WhiteElo "2481"]
[BlackElo "2588"]
[PlyCount "134"]
[EventDate "2022.??.??"]

1. c4 Nf6 2. g3 e6 3. Nf3 d5 4. Qc2 d4 5. Bg2 Nc6 6. d3 Be7 7. O-O O-O 8. a3 a5 9. Bg5 e5 10. Nbd2 Bf5 11. Rab1 Nd7 12. Bxe7 Qxe7 13. Rfe1 Rfd8 14. Nh4 Be6 15. Bxc6 bxc6 16. e3 c5 17. Ndf3 Qf6 18. Nd2 Qh6 19. Qd1 Rab8 20. Ng2 Bh3 21. e4 Rb6 22. Re2 Rdb8 23. Qc2 a4 24. f3 Qc6 25. Rf2 Qb7 26. Qxa4 Rxb2 27. Rxb2 Qxb2 28. Qa5 Qc1+ 29. Nf1 Rb2 30. a4 Rxf2 31. Kxf2 Qc2+ 32. Qd2 Qxa4 33. Ne1 h6 34. Qc2 Qa1 35. Nd2 Be6 36. Qb1 Qa5 37. Qc1 Nb6 38. f4 exf4 39. gxf4 f5 40. Nef3 fxe4 41. Nxe4 Bf5 42. Qd2 Qa3 43. Qe2 Nd7 44. Nfd2 Qa6 45. Ng3 Qg6 46. Nxf5 Qxf5 47. Qe8+ Nf8 48. Qe4 Qf7 49. Nf3 Ng6 50. Kg3 Ne7 51. Nh4 Qf6 52. Kg4 g6 53. Qa8+ Kg7 54. Qe4 Kf7 55. Nf3 Kg7 56. Qe5 c6 57. Kg3 Nf5+ 58. Kf2 g5 59. fxg5 hxg5 60. h3 Qxe5 61. Nxe5 Ne7 62. Nd7 Ng6 63. Kg3 Nf4 64. Nxc5 Kf6 65. Kg4 Ke5 66. Kxg5 Nxh3+ 67. Kg4 Nf2+ 1/2-1/2